000
00279nam a22001217a 4500
008
170922b xxu||||| |||| 00| 0 eng d
041
_a
eng
080
_a
37
100
_a
46
101
_a
EDU
245
_a
HELPING CHILDREN TO DEVELOP STUDY SKILLS
_c
HOOVER,J,J
942
_2
udc
_c
BK
999
_c
28997
_d
28997